El edipo rey de sófocles. /

Guardado en:
Autor Principal: Schlesinger, Eilhard
Formato: Libro
Publicado: La Plata : Universidad Naciónal de la Plata. Facultad de Humanidades, 1950
Series:Textos y estudios, 21
Etiquetas: Agregar Etiqueta
Sin Etiquetas, Sea el primero en etiquetar este registro!
LEADER 00489nam a22001575a 4500
001 CEM.cems005889
005 20060214000000.0
008 130507s1950##################000#0#####d
003 CEMS
082 0 4 |a 882.01 
100 1 |a Schlesinger, Eilhard 
245 1 0 |a El edipo rey de sófocles. / 
260 |a La Plata :  |b Universidad Naciónal de la Plata. Facultad de Humanidades,  |c 1950 
300 |a 135 p. 
490 0 |a Textos y estudios, 21 
859 |a CEMS  |b BIB. CEMS - 11 de abril  |h 882.01  |i Sch38  |p 11995.83  |t Ej.1